National research councils in developing countries : SAREC seminar with collaborating Agencies, Stockholm, Tammsvik, 16-21 January, 1983
Guardado en:
| Formato: | Libro |
|---|---|
| Lenguaje: | Undetermined |
| Publicado: |
[Stockholm]
Swedish Agency for Research Cooperation with Developing Countries
1983
|
| Materias: | |
| Etiquetas: |
Agregar Etiqueta
Sin Etiquetas, Sea el primero en etiquetar este registro!
|
| Thư viện lưu trữ: | Trung tâm Học liệu Trường Đại học Cần Thơ |
|---|
| LEADER | 00683nam a2200193Ia 4500 | ||
|---|---|---|---|
| 001 | CTU_25855 | ||
| 008 | 210402s9999 xx 000 0 und d | ||
| 082 | |a 300 | ||
| 082 | |b N271 | ||
| 245 | 0 | |a National research councils in developing countries : | |
| 245 | 0 | |b SAREC seminar with collaborating Agencies, Stockholm, Tammsvik, 16-21 January, 1983 | |
| 260 | |a [Stockholm] | ||
| 260 | |b Swedish Agency for Research Cooperation with Developing Countries | ||
| 260 | |c 1983 | ||
| 650 | |a Research institutes,Research | ||
| 650 | |x Management | ||
| 650 | |z Developing countries,Developing countries | ||
| 904 | |i Minh, H.Mai | ||
| 980 | |a Trung tâm Học liệu Trường Đại học Cần Thơ | ||